History Quiz

Random History or Politics Quiz

US Presidents - Surname by Vowels Quiz Stats

 Plays Quiz Updated Jan 20, 2017

Challenge
Share
Tweet
Embed
Score 0/38 Timer 07:00
0 Plays Today
Surname President % Correct
E i _ e _ _ o _ e _Eisenhower
95.8%
O _ a _ aObama
94.3%
A _ a _ _Adams
90.8%
_ o o _ e _ e _ _Roosevelt
90.8%
_ u _ _Bush
88.4%
_ o _ _Polk & Ford
86.4%
_ o o _ e _Hoover
83.3%
_ a y e _Hayes
81.3%
_ e _ _ e _ yKennedy
80.6%
_ o _ _ o eMonroe
80.5%
_ e a _ a _Reagan
79.1%
_ o o _ i _ _ eCoolidge
78.8%
_ a _ _ i _ _ _ o _Washington
77.6%
_ i _ o _Nixon
77.3%
_ a _ _Taft
76.2%
_ a y _ o _Taylor
76%
_ y _ e _Tyler
74.4%
_ i _ _ o _ _Lincoln
72.5%
_ e _ _ e _ _ o _Jefferson
72.2%
Surname President % Correct
_ _ i _ _ o _Clinton
71.4%
_ o _ _ _ o _Johnson
69.4%
_ a _ i _ o _Madison
67.1%
_ _ a _ _Grant
65.9%
_ a _ _ e _Carter
65.4%
_ a _   _ u _ e _Van Buren
64.8%
A _ _ _ u _Arthur
64.6%
_ _ _ i _ _ e yMcKinley
64.3%
_ i e _ _ ePierce
64.3%
_ _ u _ a _Truman
64.3%
_ u _ _ a _ a _Buchanan
62.1%
_ a _ _ _ o _Jackson
61.3%
_ _ u _ _Trump
60.6%
_ i _ _ o _Wilson
57.6%
_ a _ _ i _ o _Harrison
56.3%
_ _ e _ e _ a _ _Cleveland
54.6%
_ a _ _ i e _ _Garfield
49.3%
_ i _ _ _ o _ eFillmore
49.1%
_ a _ _ i _ _Harding
41.6%

You're not logged in!

Compare scores with friends on all Sporcle quizzes.
Join for Free
OR
Log In

You Might Also Like...

Show Comments

Extras

Top Quizzes Today


Score Distribution

Your Account Isn't Verified!

In order to create a playlist on Sporcle, you need to verify the email address you used during registration. Go to your Sporcle Settings to finish the process.

Report this User

Report this user for behavior that violates our Community Guidelines.

Details: